| 000 | 00851nam a22002057a 4500 | ||
|---|---|---|---|
| 003 | 0 | ||
| 005 | 20250115172411.0 | ||
| 008 | 250115b xxu||||| |||| 00| 0 eng d | ||
| 050 |
_aHQ 76.3 _b.Al47 2024 |
||
| 100 | _aAlvarado, John Derryck | ||
| 245 |
_aComparative study on the coping level between closeted and outed filipino lgbtq+ young adults _cJohn Derryck Alvarado [and five others] |
||
| 260 |
_aLas Pinas City _bSouthville International School and Colleges _c2024 |
||
| 300 |
_axi, 142 pages : _billustrations ; _c29cm. |
||
| 504 | _aIncludes bibliographical references and appendices. | ||
| 650 | _aPhilippines—LGBTQ+ Youth—Psychology. | ||
| 650 | _aComing out (Sexual orientation)—Psychological aspects. | ||
| 650 | _aStress management—Psychological aspects. | ||
| 650 | _aIdentity (Psychology) in youth. | ||
| 942 |
_2lcc _cTH |
||
| 999 |
_c366991 _d366991 |
||